00334 a2200109 4500000002500000100002400025110002400049245004300073250002000116260004400136264004400180 nam a22 7a 4500 aPandey, Vidyadhar  aPandey, Vidyadhar  aSamkalin Bhartiya Samaj evam Sanskriti aLatest edition  bSwastik Publishers & Distributorsc2021 bSwastik Publishers & Distributorsc2021